000 01494nam0a22003011 4500
001 rc\4382152
005 20250612065304.0
021 _aRU
_b[67-101145]
035 _a(NLR Aleph) 008548508
090 _a8391581
_c8391581
100 _a20130416d1967 |||y0rusy50 ca
101 0 _arus
102 _aRU
105 _aa z |||||
200 1 _aСовременные вокзалы железнодорожного, речного, морского, автомобильного и воздушного транспорта
_fКанд. архитектуры Г.Е. Голубев, архит. Г.М. Анджелини, канд. архитектуры А.Ф. Модоров
_gГос. ком. по гражд. строительству и архитектуре при Госстрое СССР. ЦНИИЭП учеб. заведений
210 _aМосква
_cСтройиздат
_d1967
215 _a207 с.
_cил.
_d26
300 _aНа пер. авт. не указаны
320 _aБиблиогр.: с. 205-206
606 _aВокзалы
_xАрхитектурно-строительное проектирование
_2psbo
700 1 _aГолубев
_bГ.Е.
_gГеоргий Евгеньевич
701 1 _aАнджелини
_bГ.М.
_gГалина Михайловна
701 1 _aМодоров
_bА.Ф.
_gАлександр Федорович
801 0 _aRU
_bNLR
_gpsbo
801 1 _aRU
_bELAR
_2rusmarc
852 _aNLR
_j68-7/34
942 _cBOOK
980 _aNB